[Event "Moscow Open 2018 AB"]
[Site "?"]
[Date "2018.02.01"]
[Round "6.16"]
[White "Tomilova, Elena"]
[Black "Maltsevskaya, Aleksandra"]
[Result "1/2-1/2"]
[BlackElo "2274"]
[WhiteElo "2331"]
[LiveChessVersion "1.4.8"]

1. Nf3 {[%clk 1:30:58]} Nf6 {[%clk 1:30:20]} 2. d4 {[%clk 1:31:06]} g6
{[%clk 1:30:11]} 3. g3 {[%clk 1:31:17]} Bg7 {[%clk 1:30:20]} 4. Bg2
{[%clk 1:31:39]} O-O {[%clk 1:30:40]} 5. O-O {[%clk 1:31:58]} d6 {[%clk 1:30:26]}
6. b3 {[%clk 1:31:53]} Bf5 {[%clk 1:30:16]} 7. Bb2 {[%clk 1:29:43]} Qc8
{[%clk 1:29:41]} 8. c4 {[%clk 1:29:03]} Na6 {[%clk 1:28:58]} 9. a3
{[%clk 1:25:46]} c5 {[%clk 1:28:21]} 10. d5 {[%clk 1:24:38]} b5 {[%clk 1:26:00]}
11. cxb5 {[%clk 1:17:34]} Nc7 {[%clk 1:26:20]} 12. Nc3 {[%clk 1:17:51]} Ne4
{[%clk 1:23:38]} 13. Qc1 {[%clk 1:17:13]} Nxc3 {[%clk 1:21:32]} 14. Bxc3
{[%clk 1:17:34]} Bxc3 {[%clk 1:21:56]} 15. Qxc3 {[%clk 1:18:01]} Nxd5
{[%clk 1:19:40]} 16. Qc4 {[%clk 1:07:40]} Nf6 {[%clk 1:19:25]} 17. Ng5
{[%clk 1:01:41]} Rb8 {[%clk 1:19:35]} 18. e4 {[%clk 1:01:48]} Bd7
{[%clk 1:17:47]} 19. a4 {[%clk 1:01:58]} a6 {[%clk 1:12:27]} 20. bxa6
{[%clk 1:00:06]} Rb4 {[%clk 1:12:48]} 21. Qd3 {[%clk 0:52:02]} h6
{[%clk 1:01:21]} 22. Nf3 {[%clk 0:48:55]} Rxe4 {[%clk 0:55:41]} 23. Rfc1
{[%clk 0:43:55]} Bc6 {[%clk 0:52:54]} 24. Nh4 {[%clk 0:34:44]} Rb4
{[%clk 0:48:03]} 25. Bxc6 {[%clk 0:31:39]} Qxc6 {[%clk 0:48:26]} 26. Qd2
{[%clk 0:31:36]} Rxb3 {[%clk 0:42:01]} 27. Qxh6 {[%clk 0:31:34]} Rb4
{[%clk 0:39:43]} 28. a5 {[%clk 0:28:23]} Qxa6 {[%clk 0:34:01]} 29. Nxg6
{[%clk 0:26:14]} fxg6 {[%clk 0:34:18]} 30. Qxg6+ {[%clk 0:26:27]} Kh8
{[%clk 0:34:43]} 31. Rxc5 {[%clk 0:26:37]} dxc5 {[%clk 0:18:41]} 32. Qh6+
{[%clk 0:26:52]} Kg8 {[%clk 0:19:06]} 33. Qg6+ {[%clk 0:27:17]} Kh8
{[%clk 0:19:34]} 34. Qh6+ {[%clk 0:27:43]} Kg8 {[%clk 0:20:01]} 35. Qg6+
{[%clk 0:28:08]} Kh8 {[%clk 0:20:29]} 1/2-1/2

[Event "Moscow Open 2018 AB"]
[Site "?"]
[Date "2018.02.02"]
[Round "7.1"]
[White "Shukh, Nikolai"]
[Black "Nabaty, Tamir"]
[Result "0-1"]
[BlackElo "2658"]
[WhiteElo "2435"]
[LiveChessVersion "1.4.8"]

1. e4 {[%clk 1:30:58]} e5 {[%clk 1:29:53]} 2. Nf3 {[%clk 1:31:22]} Nc6
{[%clk 1:30:17]} 3. Bb5 {[%clk 1:30:13]} Bc5 {[%clk 1:30:23]} 4. O-O
{[%clk 1:28:40]} Nd4 {[%clk 1:30:33]} 5. Bc4 {[%clk 1:28:14]} Nxf3+
{[%clk 1:27:03]} 6. Qxf3 {[%clk 1:28:37]} Nf6 {[%clk 1:27:27]} 7. d3
{[%clk 1:27:04]} d6 {[%clk 1:18:39]} 8. h3 {[%clk 1:24:58]} Be6 {[%clk 1:15:49]}
9. Bb3 {[%clk 1:22:49]} h6 {[%clk 1:10:11]} 10. Be3 {[%clk 1:21:29]} Bb6
{[%clk 1:10:11]} 11. Nd2 {[%clk 1:18:56]} c6 {[%clk 1:09:29]} 12. c3
{[%clk 1:16:03]} Qe7 {[%clk 1:07:20]} 13. Bxb6 {[%clk 1:08:46]} axb6
{[%clk 1:07:47]} 14. d4 {[%clk 1:06:42]} O-O {[%clk 1:05:46]} 15. Rfe1
{[%clk 1:03:07]} b5 {[%clk 1:04:41]} 16. Bxe6 {[%clk 0:59:06]} Qxe6
{[%clk 1:02:28]} 17. a3 {[%clk 0:59:29]} Ra4 {[%clk 1:00:36]} 18. Qe3
{[%clk 0:54:48]} Re8 {[%clk 0:55:28]} 19. Rad1 {[%clk 0:52:08]} exd4
{[%clk 0:53:39]} 20. cxd4 {[%clk 0:52:33]} b4 {[%clk 0:54:05]} 21. e5
{[%clk 0:49:37]} dxe5 {[%clk 0:48:36]} 22. dxe5 {[%clk 0:49:58]} Nd5
{[%clk 0:49:00]} 23. Qb3 {[%clk 0:48:14]} Rea8 {[%clk 0:42:29]} 24. Ne4
{[%clk 0:45:38]} b6 {[%clk 0:41:00]} 25. Ra1 {[%clk 0:29:27]} bxa3
{[%clk 0:38:56]} 26. bxa3 {[%clk 0:29:52]} Rd4 {[%clk 0:36:25]} 27. Qg3
{[%clk 0:24:44]} Qf5 {[%clk 0:29:12]} 28. Nd6 {[%clk 0:21:57]} Qd3
{[%clk 0:28:19]} 29. Qxd3 {[%clk 0:20:50]} Rxd3 {[%clk 0:28:47]} 30. Rac1
{[%clk 0:15:57]} Ne7 {[%clk 0:24:54]} 31. Rcd1 {[%clk 0:12:11]} Rdxa3
{[%clk 0:17:10]} 32. Nc4 {[%clk 0:12:14]} R3a6 {[%clk 0:16:54]} 33. Rd7
{[%clk 0:12:27]} Ng6 {[%clk 0:16:41]} 34. e6 {[%clk 0:11:02]} fxe6
{[%clk 0:16:12]} 35. Re3 {[%clk 0:08:23]} Nf4 {[%clk 0:11:43]} 36. Ne5
{[%clk 0:05:38]} c5 {[%clk 0:09:33]} 37. Rf3 {[%clk 0:04:06]} Ne2+
{[%clk 0:08:23]} 38. Kh2 {[%clk 0:04:29]} R6a7 {[%clk 0:08:48]} 39. Rb3
{[%clk 0:02:05]} Rxd7 {[%clk 0:08:00]} 40. Nxd7 {[%clk 0:32:31]} c4
{[%clk 0:31:41]} 41. Rxb6 {[%clk 0:27:16]} Rc8 {[%clk 0:31:25]} 42. Rxe6
{[%clk 0:20:12]} Nf4 {[%clk 0:30:11]} 43. Re5 {[%clk 0:17:57]} c3
{[%clk 0:26:32]} 44. Nc5 {[%clk 0:16:06]} c2 {[%clk 0:25:32]} 45. Nb3
{[%clk 0:16:32]} c1=Q {[%clk 0:25:43]} 46. Nxc1 {[%clk 0:16:59]} Rxc1
{[%clk 0:26:03]} 47. h4 {[%clk 0:16:30]} Rc2 {[%clk 0:22:23]} 48. Kg3
{[%clk 0:16:42]} Ng6 {[%clk 0:21:54]} 49. Re4 {[%clk 0:16:26]} Kf7
{[%clk 0:22:01]} 50. f3 {[%clk 0:15:20]} Kf6 {[%clk 0:21:38]} 51. Ra4
{[%clk 0:15:24]} Ne7 {[%clk 0:21:09]} 52. Kh3 {[%clk 0:14:23]} Nd5
{[%clk 0:20:53]} 53. Ra6+ {[%clk 0:14:04]} Ke5 {[%clk 0:20:49]} 54. g3
{[%clk 0:12:55]} Ne3 {[%clk 0:18:53]} 55. Rg6 {[%clk 0:12:30]} Kf5
{[%clk 0:16:47]} 56. Ra6 {[%clk 0:10:58]} Rf2 {[%clk 0:16:39]} 57. Ra7
{[%clk 0:10:25]} Kf6 {[%clk 0:15:16]} 58. Ra6+ {[%clk 0:10:45]} Ke5
{[%clk 0:15:27]} 59. Ra5+ {[%clk 0:09:14]} Kd4 {[%clk 0:15:38]} 60. h5
{[%clk 0:04:58]} Rxf3 {[%clk 0:15:10]} 61. Ra7 {[%clk 0:05:21]} Nf5
{[%clk 0:14:38]} 62. Kg4 {[%clk 0:05:33]} Rf1 {[%clk 0:14:46]} 63. Ra4+
{[%clk 0:05:54]} Ke5 {[%clk 0:14:46]} 64. Ra5+ {[%clk 0:06:17]} Ke6
{[%clk 0:15:03]} 0-1

[Event "Moscow Open 2018 AB"]
[Site "?"]
[Date "2018.02.02"]
[Round "7.2"]
[White "Lomasov, Semen"]
[Black "Gaifullin, Artur"]
[Result "1-0"]
[BlackElo "2423"]
[WhiteElo "2530"]
[LiveChessVersion "1.4.8"]

1. e4 {[%clk 1:30:56]} e5 {[%clk 1:30:57]} 2. Nf3 {[%clk 1:31:20]} Nc6
{[%clk 1:31:24]} 3. Bc4 {[%clk 1:31:43]} Bc5 {[%clk 1:31:48]} 4. c3
{[%clk 1:32:06]} Nf6 {[%clk 1:32:14]} 5. d4 {[%clk 1:32:28]} exd4
{[%clk 1:32:40]} 6. e5 {[%clk 1:32:53]} d5 {[%clk 1:33:08]} 7. Bb5
{[%clk 1:33:15]} Ne4 {[%clk 1:33:34]} 8. cxd4 {[%clk 1:33:39]} Bb6
{[%clk 1:33:23]} 9. Nc3 {[%clk 1:33:53]} O-O {[%clk 1:33:32]} 10. Be3
{[%clk 1:33:54]} Bg4 {[%clk 1:32:14]} 11. h3 {[%clk 1:33:57]} Bxf3
{[%clk 1:31:41]} 12. gxf3 {[%clk 1:34:11]} Nxc3 {[%clk 1:31:14]} 13. bxc3
{[%clk 1:34:23]} Ne7 {[%clk 1:30:28]} 14. Bd3 {[%clk 1:34:22]} f5
{[%clk 1:29:12]} 15. Qd2 {[%clk 1:23:16]} Ba5 {[%clk 1:22:33]} 16. Rg1
{[%clk 1:05:17]} Ng6 {[%clk 1:18:00]} 17. Bg5 {[%clk 1:04:20]} Qe8
{[%clk 1:18:24]} 18. Kf1 {[%clk 0:55:28]} c5 {[%clk 1:13:30]} 19. Qb2
{[%clk 0:55:48]} Rc8 {[%clk 1:06:04]} 20. Qxb7 {[%clk 0:45:16]} Bxc3
{[%clk 0:59:41]} 21. Qxd5+ {[%clk 0:45:34]} Kh8 {[%clk 1:00:05]} 22. Rb1
{[%clk 0:45:44]} Bxd4 {[%clk 0:52:42]} 23. e6 {[%clk 0:30:09]} Bf6
{[%clk 0:52:17]} 24. Bxf5 {[%clk 0:21:43]} Ne7 {[%clk 0:51:31]} 25. Qe4
{[%clk 0:22:10]} Qh5 {[%clk 0:36:14]} 26. Bxf6 {[%clk 0:20:57]} Rxf6
{[%clk 0:36:25]} 27. Bg4 {[%clk 0:21:17]} Qe8 {[%clk 0:36:44]} 28. Rb7
{[%clk 0:17:51]} c4 {[%clk 0:17:58]} 29. Bh5 {[%clk 0:17:34]} Qxh5
{[%clk 0:16:07]} 30. Rxe7 {[%clk 0:18:03]} Qxf3 {[%clk 0:16:29]} 31. Qxf3
{[%clk 0:17:58]} Rxf3 {[%clk 0:16:52]} 32. Rgxg7 {[%clk 0:16:35]} Rxh3
{[%clk 0:17:13]} 33. Ref7 {[%clk 0:10:47]} c3 {[%clk 0:02:53]} 34. e7
{[%clk 0:10:37]} c2 {[%clk 0:03:01]} 35. Rxh7+ {[%clk 0:10:20]} Rxh7
{[%clk 0:03:23]} 36. Rf8+ {[%clk 0:10:48]} Kg7 {[%clk 0:03:15]} 37. Rxc8
{[%clk 0:11:15]} Rh8 {[%clk 0:02:42]} 38. Rxc2 {[%clk 0:11:35]} Kf7
{[%clk 0:02:58]} 39. Rc7 {[%clk 0:11:17]} a6 {[%clk 0:02:52]} 40. e8=Q+
{[%clk 0:41:39]} 1-0

[Event "Moscow Open 2018 AB"]
[Site "?"]
[Date "2018.02.02"]
[Round "7.3"]
[White "Matinian, Nikita"]
[Black "Samusenko, Maksim"]
[Result "1/2-1/2"]
[BlackElo "2422"]
[WhiteElo "2491"]
[LiveChessVersion "1.4.8"]

1. e4 {[%clk 1:31:23]} d5 {[%clk 1:30:35]} 2. exd5 {[%clk 1:31:49]} Nf6 3. d4 Bg4
{[%clk 1:30:27]} 4. f3 {[%clk 1:32:15]} Bf5 {[%clk 1:30:51]} 5. Bb5+
{[%clk 1:32:27]} Nbd7 {[%clk 1:31:00]} 6. c4 {[%clk 1:32:47]} e6 {[%clk 1:31:25]}
7. dxe6 {[%clk 1:32:38]} fxe6 {[%clk 1:31:06]} 8. Ne2 {[%clk 1:32:38]} c6
{[%clk 1:31:06]} 9. Ba4 {[%clk 1:33:02]} Qa5+ {[%clk 1:30:39]} 10. Nbc3
{[%clk 1:32:44]} O-O-O {[%clk 1:30:01]} 11. Bc2 {[%clk 1:25:50]} Bg6
{[%clk 1:27:29]} 12. Bd2 {[%clk 1:23:28]} e5 13. d5 {[%clk 1:20:18]} Qa6
{[%clk 0:57:30]} 14. Bxg6 {[%clk 1:15:08]} hxg6 {[%clk 0:57:35]} 15. Qa4
{[%clk 1:14:40]} Qxa4 {[%clk 0:48:55]} 16. Nxa4 {[%clk 1:13:56]} cxd5
{[%clk 0:36:04]} 17. cxd5 {[%clk 1:14:11]} Nxd5 {[%clk 0:36:27]} 18. Ng3
{[%clk 1:09:45]} N7f6 {[%clk 0:33:27]} 19. Rc1+ {[%clk 0:59:03]} Kb8
{[%clk 0:33:44]} 20. Nc3 {[%clk 0:56:16]} Nf4 {[%clk 0:27:29]} 21. Bxf4
{[%clk 0:55:06]} exf4 {[%clk 0:27:57]} 22. Nge4 {[%clk 0:54:40]} Bd6
{[%clk 0:23:05]} 23. Nxd6 {[%clk 0:50:07]} Rxd6 {[%clk 0:23:29]} 24. O-O
{[%clk 0:50:35]} Rd2 {[%clk 0:22:48]} 25. Rf2 {[%clk 0:49:53]} Rxf2
{[%clk 0:21:40]} 26. Kxf2 {[%clk 0:50:10]} Rxh2 {[%clk 0:21:59]} 27. Re1 Rh8
{[%clk 0:17:25]} 28. Re7 {[%clk 0:49:54]} Nh5 {[%clk 0:15:36]} 29. Ke2
{[%clk 0:48:58]} Ng3+ {[%clk 0:14:42]} 30. Kd3 {[%clk 0:49:26]} Rd8+
{[%clk 0:14:25]} 31. Kc4 {[%clk 0:49:41]} Nf5 {[%clk 0:14:29]} 32. Re6
{[%clk 0:49:37]} Ne3+ 33. Kc5 {[%clk 0:50:06]} Nxg2 {[%clk 0:07:48]} 34. Rxg6
{[%clk 0:49:38]} Ne1 35. Rxg7 {[%clk 0:44:31]} Nd3+ {[%clk 0:05:08]} 36. Kc4
{[%clk 0:43:15]} Nxb2+ {[%clk 0:05:16]} 37. Kb3 {[%clk 0:43:43]} Nd3
{[%clk 0:03:36]} 38. Rf7 {[%clk 0:44:09]} Nc5+ {[%clk 0:02:43]} 39. Kc2
{[%clk 0:41:58]} Ne6 {[%clk 0:02:12]} 40. Ne4 {[%clk 0:41:58]} a6
{[%clk 0:31:07]} 41. Kc3 {[%clk 1:07:42]} Rd1 {[%clk 0:21:24]} 42. Rf6
{[%clk 1:07:20]} Rc1+ {[%clk 0:21:31]} 43. Kb4 {[%clk 1:03:56]} Rc6
{[%clk 0:20:29]} 44. a4 {[%clk 1:03:48]} Ka7 {[%clk 0:19:47]} 45. Rf7
{[%clk 1:02:08]} Nc7 {[%clk 0:18:09]} 46. Kb3 {[%clk 1:01:48]} Nd5
{[%clk 0:15:57]} 47. Rf5 {[%clk 1:01:58]} Rb6+ {[%clk 0:16:09]} 48. Ka3
{[%clk 1:02:18]} Ne3 49. Rxf4 Nc2+ {[%clk 0:13:00]} 50. Ka2 {[%clk 1:02:58]} Nb4+
{[%clk 0:09:56]} 51. Ka3 {[%clk 1:03:23]} Nc2+ {[%clk 0:08:21]} 52. Ka2
{[%clk 1:03:46]} Nb4+ {[%clk 0:08:46]} 1/2-1/2

[Event "Moscow Open 2018 AB"]
[Site "?"]
[Date "2018.02.02"]
[Round "7.4"]
[White "Afanasiev, Nikita"]
[Black "Drygalov, Andrey"]
[Result "1-0"]
[BlackElo "2440"]
[WhiteElo "2364"]
[LiveChessVersion "1.4.8"]

1. e4 e5 2. Nf3 Nc6 3. d4 exd4 4. Nxd4 Nf6 5. Nxc6 bxc6 6. e5 Qe7 7. Qe2 Nd5 8.
c4 Nb6 9. b3 Qe6 10. g3 a5 11. Bg2 {[%clk 1:08:19]} a4 {[%clk 1:17:02]} 12. Bb2
{[%clk 1:08:30]} Bb4+ {[%clk 1:10:52]} 13. Nd2 {[%clk 1:08:47]} Rb8
{[%clk 0:38:23]} 14. Rc1 {[%clk 1:00:01]} O-O {[%clk 0:35:07]} 15. O-O
{[%clk 0:58:26]} Qe7 {[%clk 0:32:34]} 16. Ne4 {[%clk 0:42:01]} Re8
{[%clk 0:29:35]} 17. Qh5 {[%clk 0:33:46]} a3 {[%clk 0:23:50]} 18. Nf6+
{[%clk 0:27:51]} gxf6 {[%clk 0:24:03]} 19. Be4 {[%clk 0:28:17]} f5
{[%clk 0:19:48]} 20. Bxf5 {[%clk 0:28:29]} f6 {[%clk 0:20:07]} 21. exf6
{[%clk 0:28:50]} Qf7 {[%clk 0:20:31]} 22. Bxh7+ {[%clk 0:29:11]} Qxh7
{[%clk 0:20:56]} 23. f7+ {[%clk 0:29:36]} 1-0

[Event "Moscow Open 2018 AB"]
[Site "?"]
[Date "2018.02.02"]
[Round "7.5"]
[White "Li, Hong"]
[Black "Kokarev, Dmitry"]
[Result "0-1"]
[BlackElo "2616"]
[WhiteElo "2349"]
[LiveChessVersion "1.4.8"]

1. Nf3 {[%clk 1:30:46]} c5 {[%clk 1:30:49]} 2. b3 {[%clk 1:30:15]} d6
{[%clk 1:31:10]} 3. Bb2 {[%clk 1:30:23]} e5 {[%clk 1:31:33]} 4. d3
{[%clk 1:29:28]} Nc6 {[%clk 1:31:29]} 5. g3 {[%clk 1:29:06]} g6 {[%clk 1:31:36]}
6. Bg2 {[%clk 1:29:19]} Bg7 {[%clk 1:31:59]} 7. c4 {[%clk 1:27:38]} Nge7
{[%clk 1:32:17]} 8. Nc3 {[%clk 1:25:44]} O-O {[%clk 1:32:36]} 9. h4
{[%clk 1:24:49]} h6 {[%clk 1:31:58]} 10. Qd2 {[%clk 1:21:56]} Be6
{[%clk 1:28:40]} 11. O-O {[%clk 1:15:11]} Qd7 {[%clk 1:19:58]} 12. e3
{[%clk 1:05:35]} d5 {[%clk 1:07:50]} 13. e4 {[%clk 0:56:02]} d4 {[%clk 1:08:02]}
14. Na4 {[%clk 0:54:55]} b6 {[%clk 1:06:58]} 15. Nh2 {[%clk 0:51:33]} Rae8
{[%clk 1:02:23]} 16. Rae1 {[%clk 0:46:52]} Nc8 {[%clk 0:51:44]} 17. f4
{[%clk 0:41:07]} f5 {[%clk 0:50:24]} 18. Bc1 {[%clk 0:34:44]} Nd6
{[%clk 0:46:49]} 19. Qd1 {[%clk 0:33:07]} fxe4 {[%clk 0:43:57]} 20. dxe4
{[%clk 0:28:39]} Bh3 {[%clk 0:43:47]} 21. fxe5 {[%clk 0:17:05]} Rxf1+
{[%clk 0:41:50]} 22. Nxf1 {[%clk 0:15:04]} Nxe5 {[%clk 0:39:48]} 23. Bxh3
{[%clk 0:12:24]} Qxh3 {[%clk 0:39:10]} 24. Bf4 {[%clk 0:11:13]} Rf8
{[%clk 0:37:09]} 25. Bxe5 {[%clk 0:07:22]} Bxe5 {[%clk 0:37:13]} 26. Qd3
{[%clk 0:07:47]} g5 {[%clk 0:28:18]} 27. hxg5 {[%clk 0:05:24]} Nf7
{[%clk 0:28:32]} 28. Nd2 {[%clk 0:04:18]} Bxg3 {[%clk 0:27:46]} 0-1

[Event "Moscow Open 2018 AB"]
[Site "?"]
[Date "2018.02.02"]
[Round "7.6"]
[White "Vavulin, Maksim"]
[Black "Sindarov, Javokhir"]
[Result "1-0"]
[BlackElo "2429"]
[WhiteElo "2575"]
[LiveChessVersion "1.4.8"]

1. e4 {[%clk 1:30:58]} e5 {[%clk 1:30:54]} 2. Nf3 {[%clk 1:31:18]} Nc6
{[%clk 1:31:19]} 3. Bb5 {[%clk 1:31:39]} a6 {[%clk 1:31:39]} 4. Ba4
{[%clk 1:32:05]} d6 {[%clk 1:32:00]} 5. O-O {[%clk 1:24:30]} Bd7 {[%clk 1:16:37]}
6. d4 {[%clk 1:24:45]} Nf6 {[%clk 1:07:23]} 7. Bxc6 {[%clk 1:21:03]} Bxc6
{[%clk 1:07:27]} 8. Re1 {[%clk 1:21:28]} Be7 {[%clk 1:02:57]} 9. Nc3
{[%clk 1:21:04]} exd4 {[%clk 1:00:13]} 10. Nxd4 {[%clk 1:20:41]} Nd7
{[%clk 0:57:00]} 11. Nf5 {[%clk 1:19:31]} O-O {[%clk 0:54:54]} 12. Nd5
{[%clk 1:08:13]} Bxd5 {[%clk 0:53:54]} 13. Qxd5 {[%clk 1:08:38]} Rb8
{[%clk 0:51:43]} 14. Be3 {[%clk 1:08:12]} Bf6 {[%clk 0:43:30]} 15. c3
{[%clk 1:07:48]} b5 {[%clk 0:40:37]} 16. Rad1 {[%clk 1:03:06]} Qe8
{[%clk 0:37:11]} 17. Qc6 {[%clk 0:59:09]} Qc8 {[%clk 0:19:41]} 18. f4
{[%clk 0:58:51]} Rd8 {[%clk 0:16:52]} 19. Rd3 {[%clk 0:46:05]} Re8
{[%clk 0:12:05]} 20. Ba7 {[%clk 0:31:53]} Qb7 {[%clk 0:09:01]} 21. Qxb7
{[%clk 0:32:16]} Rxb7 {[%clk 0:09:27]} 22. Bf2 {[%clk 0:32:40]} Nf8
{[%clk 0:07:18]} 23. Bg3 {[%clk 0:28:16]} Ne6 {[%clk 0:02:24]} 24. b4
{[%clk 0:19:46]} Rb6 {[%clk 0:00:59]} 25. Ne3 {[%clk 0:19:33]} Rbb8
{[%clk 0:00:44]} 26. Kf1 {[%clk 0:14:04]} Nf8 {[%clk 0:00:43]} 27. Ng4
{[%clk 0:09:33]} Be7 {[%clk 0:00:37]} 28. Bf2 {[%clk 0:05:09]} Ne6
{[%clk 0:00:37]} 29. f5 {[%clk 0:03:25]} Nf8 {[%clk 0:01:00]} 30. e5
{[%clk 0:03:30]} h5 {[%clk 0:00:52]} 31. f6 {[%clk 0:03:37]} hxg4
{[%clk 0:01:18]} 32. fxe7 {[%clk 0:03:55]} Rxe7 {[%clk 0:00:51]} 33. exd6
{[%clk 0:04:18]} Rd7 {[%clk 0:01:11]} 34. dxc7 {[%clk 0:04:28]} 1-0

[Event "Moscow Open 2018 AB"]
[Site "?"]
[Date "2018.02.02"]
[Round "7.7"]
[White "Savchenko, Boris"]
[Black "Ushenina, Anna"]
[Result "1-0"]
[BlackElo "2423"]
[WhiteElo "2566"]
[LiveChessVersion "1.4.8"]

1. d4 {[%clk 1:09:43]} d5 {[%clk 1:30:10]} 2. Nf3 {[%clk 1:09:19]} c5
{[%clk 1:30:10]} 3. c4 {[%clk 1:09:31]} dxc4 {[%clk 1:30:11]} 4. e3
{[%clk 1:09:45]} e6 {[%clk 1:27:01]} 5. Bxc4 {[%clk 1:08:49]} a6 {[%clk 1:22:18]}
6. O-O {[%clk 1:08:01]} b5 {[%clk 1:20:19]} 7. Be2 {[%clk 1:08:14]} cxd4
{[%clk 1:07:56]} 8. a4 {[%clk 1:03:22]} b4 {[%clk 0:58:04]} 9. Nxd4
{[%clk 1:02:21]} Nf6 {[%clk 0:51:12]} 10. Nd2 {[%clk 0:56:50]} Bb7
{[%clk 0:43:59]} 11. Nc4 {[%clk 0:53:37]} Nbd7 {[%clk 0:39:41]} 12. f3
{[%clk 0:50:38]} Bd5 {[%clk 0:32:17]} 13. e4 {[%clk 0:38:48]} Bxc4
{[%clk 0:31:22]} 14. Bxc4 {[%clk 0:38:57]} Ne5 {[%clk 0:21:43]} 15. Be2
{[%clk 0:35:00]} Bc5 {[%clk 0:20:29]} 16. Be3 {[%clk 0:35:10]} O-O
{[%clk 0:11:38]} 17. Rc1 {[%clk 0:29:31]} Qb6 {[%clk 0:10:17]} 18. a5
{[%clk 0:15:55]} Qxa5 {[%clk 0:02:49]} 19. Qb3 {[%clk 0:11:32]} Ned7
{[%clk 0:03:10]} 20. Nc6 {[%clk 0:10:02]} Qb6 {[%clk 0:01:00]} 21. Bxc5
{[%clk 0:05:52]} Nxc5 {[%clk 0:01:26]} 22. Qxb4 {[%clk 0:06:14]} Qxb4
{[%clk 0:01:23]} 23. Nxb4 {[%clk 0:06:37]} Rfb8 {[%clk 0:00:48]} 24. Rc4
{[%clk 0:05:19]} a5 {[%clk 0:01:06]} 25. Nc2 {[%clk 0:03:26]} Ncd7
{[%clk 0:00:55]} 26. Rb1 {[%clk 0:03:46]} Rb7 {[%clk 0:00:39]} 27. Na3
{[%clk 0:02:26]} g6 {[%clk 0:00:51]} 28. Rc2 {[%clk 0:02:24]} Rab8
{[%clk 0:00:53]} 29. Nc4 {[%clk 0:01:56]} Rc7 {[%clk 0:00:38]} 30. Bd1
{[%clk 0:01:52]} a4 {[%clk 0:00:44]} 31. Rbc1 {[%clk 0:00:46]} Rb4
{[%clk 0:00:44]} 32. Rc3 {[%clk 0:00:55]} Kg7 {[%clk 0:00:48]} 33. Ne5
{[%clk 0:00:49]} Rcb7 {[%clk 0:00:38]} 34. Nd3 {[%clk 0:01:04]} Rd4
{[%clk 0:00:59]} 35. Kf2 {[%clk 0:00:53]} Nb6 {[%clk 0:00:46]} 36. Ke3
{[%clk 0:00:33]} Rbd7 {[%clk 0:00:50]} 37. Be2 {[%clk 0:00:34]} Rd8
{[%clk 0:00:57]} 38. Rc6 {[%clk 0:00:36]} R4d6 {[%clk 0:00:46]} 39. Ne5
{[%clk 0:00:34]} Ne8 {[%clk 0:00:44]} 40. Rxd6 {[%clk 0:30:35]} Nxd6
{[%clk 0:30:54]} 41. Rc6 {[%clk 0:29:47]} Na8 {[%clk 0:15:49]} 42. Ra6
{[%clk 0:25:10]} Nc7 {[%clk 0:15:50]} 43. Rxa4 {[%clk 0:24:15]} Rb8
{[%clk 0:16:16]} 44. b4 {[%clk 0:24:11]} Ncb5 {[%clk 0:15:00]} 45. Ra6
{[%clk 0:22:14]} Rb7 {[%clk 0:11:48]} 46. Nc6 {[%clk 0:14:22]} Nc3
{[%clk 0:11:29]} 47. Bd3 {[%clk 0:14:28]} Rd7 {[%clk 0:05:43]} 48. Kd2
{[%clk 0:11:50]} Ncb5 {[%clk 0:05:39]} 49. Kc2 {[%clk 0:11:52]} Rc7
{[%clk 0:04:26]} 50. Kb2 {[%clk 0:07:48]} Rb7 {[%clk 0:04:46]} 51. Kb3
{[%clk 0:07:29]} Nc7 {[%clk 0:04:02]} 52. Ra7 {[%clk 0:07:39]} Rxa7
{[%clk 0:03:56]} 53. Nxa7 {[%clk 0:08:01]} Kf6 {[%clk 0:04:11]} 54. Nc6
{[%clk 0:07:49]} Kg5 {[%clk 0:03:57]} 55. g3 {[%clk 0:08:06]} f5 {[%clk 0:03:56]}
56. e5 {[%clk 0:07:29]} Nc8 {[%clk 0:03:13]} 57. Kc4 {[%clk 0:07:30]} f4
{[%clk 0:03:16]} 58. Kc5 {[%clk 0:07:27]} Nd5 {[%clk 0:02:04]} 59. Nd4
{[%clk 0:07:37]} fxg3 {[%clk 0:01:40]} 60. Nxe6+ {[%clk 0:07:34]} Kh5
{[%clk 0:01:31]} 61. hxg3 {[%clk 0:07:54]} Nc3 {[%clk 0:01:52]} 62. b5
{[%clk 0:08:07]} Na4+ {[%clk 0:02:07]} 63. Kc6 {[%clk 0:08:29]} Ne7+
{[%clk 0:02:18]} 64. Kd6 {[%clk 0:08:44]} Nc8+ {[%clk 0:02:25]} 65. Kc7
{[%clk 0:08:56]} Ne7 {[%clk 0:02:51]} 66. Be4 {[%clk 0:09:18]} Nc3
{[%clk 0:00:46]} 67. b6 {[%clk 0:09:13]} Ned5+ {[%clk 0:01:09]} 68. Bxd5
{[%clk 0:09:35]} Nxd5+ {[%clk 0:01:36]} 69. Kc6 {[%clk 0:09:53]} 1-0